[Event "HUN-chT2 Breyer 1819"]
[Site "Hungary"]
[Date "2019.04.28"]
[Round "9.4"]
[White "Horvath, Istvan1111"]
[Black "Kozma, Edit"]
[Result "1-0"]
[WhiteElo "2117"]
[BlackElo "1858"]
[PlyCount "75"]
[EventDate "2018.10.28"]
[EventType "team-tourn"]
[EventRounds "9"]
[EventCountry "HUN"]
[SourceTitle "EXT 2021"]
[Source "ChessBase"]
[SourceDate "2020.10.23"]
[SourceVersion "1"]
[SourceVersionDate "2020.10.23"]
[SourceQuality "1"]
[WhiteTeam "Nyergesujfalu"]
[BlackTeam "Budapest HASE"]
[WhiteTeamCountry "HUN"]
[BlackTeamCountry "HUN"]

1. e4 c5 2. Nf3 d6 3. d4 cxd4 4. Nxd4 Nf6 5. Nc3 a6 6. f3 e5 7. Nb3 Be6 8. Be3 Be7 9. Qd2 0-0 10. 0-0-0 b5 11. g4 b4 12. Ne2 a5 13. g5 Nfd7 14. Kb1 Nc6 15. Ng3 a4 16. Nc1 b3 17. a3 bxc2+ 18. Qxc2 Nd4 19. Bxd4 exd4 20. f4 Qb6 21. Nf5 Bxf5 22. exf5 d5 23. Qd3 Bc5 24. h4 Rab8 25. Rh2 Rfe8 26. Qa6 Qc7 27. Rc2 Qxf4 28. Qc6 Qxf5 29. Bd3 Qg4 30. Rf1 Rec8 31. Qxd5 Qe6 32. Bc4 Qxd5 33. Bxd5 Ne5 34. Rf5 d3 35. Rd2 Be3 36. Rd1 Rc2 37. Nxd3 Nxd3 38. Kxc2 1-0

[Event "HUN-chT2 Breyer 1819"]
[Site "Hungary"]
[Date "2018.11.18"]
[Round "2.7"]
[White "Mullner, Janos"]
[Black "Kozma, Edit"]
[Result "1/2-1/2"]
[WhiteElo "1984"]
[BlackElo "1858"]
[PlyCount "22"]
[EventDate "2018.10.28"]
[EventType "team-tourn"]
[EventRounds "9"]
[EventCountry "HUN"]
[SourceTitle "CBM 189 Extra"]
[Source "ChessBase"]
[SourceDate "2019.06.03"]
[SourceVersion "1"]
[SourceVersionDate "2019.06.03"]
[SourceQuality "1"]
[WhiteTeam "Torokbalint"]
[BlackTeam "Budapest HASE"]
[WhiteTeamCountry "HUN"]
[BlackTeamCountry "HUN"]

1. d4 Nf6 2. c4 e6 3. Nf3 d5 4. Nc3 c6 5. e3 Be7 6. Bd3 0-0 7. 0-0 Nbd7 8. b3 dxc4 9. bxc4 Qc7 10. Bb2 e5 11. d5 cxd5 1/2-1/2

[Event "HUN-chT2 Breyer 1718"]
[Site "Hungary"]
[Date "2017.11.26"]
[Round "4.8"]
[White "Kozma, Edit"]
[Black "Albert, Janos"]
[Result "1/2-1/2"]
[WhiteElo "1873"]
[BlackElo "2005"]
[PlyCount "28"]
[EventDate "2017.09.24"]
[EventType "team-tourn"]
[EventRounds "11"]
[EventCountry "HUN"]
[SourceTitle "EXT 2021"]
[Source "ChessBase"]
[SourceDate "2020.10.23"]
[SourceVersion "1"]
[SourceVersionDate "2020.10.23"]
[SourceQuality "1"]
[WhiteTeam "Budapest HASE"]
[BlackTeam "Zsambek"]
[WhiteTeamCountry "HUN"]
[BlackTeamCountry "HUN"]

1. e4 d6 2. d4 Nf6 3. Nc3 g6 4. f4 Bg7 5. Nf3 0-0 6. Bd3 Nc6 7. e5 dxe5 8. fxe5 Nh5 9. Be3 Bg4 10. Be4 f6 11. exf6 Nxf6 12. Bxc6 bxc6 13. 0-0 Nd5 14. Nxd5 Qxd5 1/2-1/2

[Event "Balaton op 34th"]
[Site "Balatonboglar"]
[Date "2016.06.15"]
[Round "2"]
[White "Kozma, Edit"]
[Black "Kincs, Imre"]
[Result "0-1"]
[WhiteElo "1963"]
[BlackElo "2154"]
[PlyCount "58"]
[EventDate "2016.06.14"]
[EventType "swiss"]
[EventRounds "9"]
[EventCountry "HUN"]
[SourceTitle "CBM 173 Extra"]
[Source "ChessBase"]
[SourceDate "2016.08.29"]
[SourceVersion "1"]
[SourceVersionDate "2016.08.29"]
[SourceQuality "1"]

1. e4 g6 2. d4 Bg7 3. f4 d6 4. Nf3 a6 5. Bc4 c5 6. a4 cxd4 7. Nxd4 Nf6 8. Nc3 0-0 9. a5 Nxe4 10. Bxf7+ Rxf7 11. Nxe4 Nc6 12. Nb3 Be6 13. Ng5 Bxb3 14. cxb3 Rf5 15. Ne6 Qd7 16. Nxg7 Kxg7 17. Bd2 Qe6+ 18. Kf2 Rb5 19. Bc3+ Kg8 20. b4 Rf8 21. Qd2 Qc4 22. g3 d5 23. Rad1 e5 24. Qe2 Qxe2+ 25. Kxe2 d4 26. Bd2 e4 27. Rc1 Nxb4 28. Bxb4 Rxb4 29. Rhd1 Rf5 0-1

[Event "Balaton op 32nd"]
[Site "Balatonboglar"]
[Date "2014.06.17"]
[Round "4"]
[White "Metaxasz, Vaszilisz"]
[Black "Kozma, Edit"]
[Result "1/2-1/2"]
[WhiteElo "2068"]
[BlackElo "1962"]
[PlyCount "61"]
[EventDate "2014.06.14"]
[EventType "swiss"]
[EventRounds "9"]
[EventCountry "HUN"]
[SourceTitle "EXT 2015"]
[Source "ChessBase"]
[SourceDate "2014.11.20"]
[SourceVersion "1"]
[SourceVersionDate "2014.11.20"]
[SourceQuality "1"]

1. d4 Nf6 2. g3 g6 3. Bg2 d5 4. Nf3 Bg7 5. 0-0 0-0 6. c4 dxc4 7. Na3 c6 8. Nxc4 Be6 9. b3 h6 10. Bb2 Nbd7 11. Nfe5 Nxe5 12. Nxe5 Nd7 13. Nd3 f5 14. Qd2 Kh7 15. Nf4 Bg8 16. d5 Bxb2 17. Qxb2 cxd5 18. Bxd5 Bxd5 19. Nxd5 Nf6 20. Nf4 Qb6 21. Rad1 Rfd8 22. Qe5 Qb4 23. Ne6 Rxd1 24. Rxd1 Rc8 25. Rd4 Rc1+ 26. Kg2 Qe1 27. Ng5+ hxg5 28. Qxe7+ Kh6 29. Qf8+ Kh7 30. Qf7+ Kh6 31. Qf8+ 1/2-1/2

[Event "HUN-chT2 Erkel 1112"]
[Site "Hungary"]
[Date "2012.05.06"]
[Round "10.4"]
[White "Kozma, Edit"]
[Black "Lengyel, Laszlo"]
[Result "1/2-1/2"]
[WhiteElo "2009"]
[BlackElo "2088"]
[PlyCount "61"]
[EventDate "2011.09.25"]
[EventType "team-tourn"]
[EventRounds "11"]
[EventCountry "HUN"]
[SourceTitle "EXT 2013"]
[Source "ChessBase"]
[SourceDate "2012.11.22"]
[SourceVersion "1"]
[SourceVersionDate "2012.11.22"]
[SourceQuality "1"]
[WhiteTeam "Honved II"]
[BlackTeam "Paszto"]
[WhiteTeamCountry "HUN"]
[BlackTeamCountry "HUN"]

1. e4 g6 2. d4 Bg7 3. f4 d6 4. Nf3 Nf6 5. Nc3 c6 6. Bd3 0-0 7. e5 dxe5 8. dxe5 Nd5 9. Nxd5 cxd5 10. 0-0 Nc6 11. Be3 Bg4 12. c3 e6 13. Qb3 Bxf3 14. Rxf3 d4 15. Bf2 dxc3 16. bxc3 b6 17. Be4 Na5 18. Qb4 Rc8 19. Rd3 Qc7 20. Rad1 Rfd8 21. Bd4 Bf8 22. Qb2 Nc4 23. Qe2 Ba3 24. Rh3 Rd7 25. g4 Bf8 26. Kg2 b5 27. f5 Rcd8 28. Bd3 Qc6+ 29. Be4 Qc7 30. Bd3 Qc6+ 31. Be4 1/2-1/2

[Event "Budapest-chT1 Lilienthal 1112"]
[Site "Budapest"]
[Date "2012.02.26"]
[Round "8"]
[White "Kelemen, Gabor"]
[Black "Kozma, Edit"]
[Result "1-0"]
[WhiteElo "2189"]
[BlackElo "2009"]
[PlyCount "73"]
[EventDate "2011.10.02"]
[EventType "team-tourn"]
[EventRounds "11"]
[EventCountry "HUN"]
[SourceTitle "EXT 2020"]
[Source "ChessBase"]
[SourceDate "2019.10.17"]
[SourceVersion "1"]
[SourceVersionDate "2019.10.17"]
[SourceQuality "1"]
[WhiteTeam "Taban Spartacus II"]
[BlackTeam "Budapest Honved III"]
[WhiteTeamCountry "HUN"]
[BlackTeamCountry "HUN"]

1. e4 c5 2. Nf3 d6 3. d4 cxd4 4. Nxd4 Nf6 5. Nc3 a6 6. Be2 e5 7. Nb3 Be7 8. a4 Be6 9. 0-0 0-0 10. Be3 Nc6 11. f4 exf4 12. Rxf4 Rc8 13. Nd5 Bxd5 14. exd5 Ne5 15. a5 Nfd7 16. Rb4 Rc7 17. Qd2 Qc8 18. Nd4 Re8 19. Bg5 Bf8 20. Rf1 Nc4 21. Qf4 Nde5 22. b3 Ng6 23. Qg3 Nce5 24. c4 h6 25. Be3 Rc5 26. Ra4 Qd8 27. Nf5 Rxa5 28. Rxa5 Qxa5 29. h4 Qa3 30. Bd1 Kh8 31. Bd4 Nd7 32. Nxh6 Nge5 33. Nxf7+ Kg8 34. Bh5 Re7 35. Nh6+ Kh8 36. Nf5 Nf6 37. Nxe7 1-0

[Event "HUN-chT2 Erkel 1112"]
[Site "Hungary"]
[Date "2012.01.29"]
[Round "5.5"]
[White "Kozma, Edit"]
[Black "Gara, Gyorgy"]
[Result "0-1"]
[WhiteElo "2009"]
[BlackElo "2116"]
[PlyCount "50"]
[EventDate "2011.09.25"]
[EventType "team-tourn"]
[EventRounds "11"]
[EventCountry "HUN"]
[SourceTitle "EXT 2013"]
[Source "ChessBase"]
[SourceDate "2012.11.22"]
[SourceVersion "1"]
[SourceVersionDate "2012.11.22"]
[SourceQuality "1"]
[WhiteTeam "Honved II"]
[BlackTeam "Matra"]
[WhiteTeamCountry "HUN"]
[BlackTeamCountry "HUN"]

1. e4 e6 2. d4 d5 3. Nc3 Nc6 4. Bb5 Bb4 5. e5 Bd7 6. Qg4 Kf8 7. Bxc6 bxc6 8. Nge2 h5 9. Qg3 Be7 10. 0-0 Nh6 11. Nf4 Nf5 12. Qd3 h4 13. Nd1 c5 14. dxc5 Rb8 15. Qc3 d4 16. Qa3 Bc6 17. c4 g5 18. Nd3 Qc8 19. b4 Qb7 20. f3 h3 21. b5 hxg2 22. Rf2 Bxf3 23. Bxg5 Qe4 24. Bxe7+ Nxe7 25. N1b2 Qh4 0-1

[Event "Budapest-chT1 Lilienthal 1112"]
[Site "Budapest"]
[Date "2011.12.04"]
[Round "4"]
[White "Sumegi, Miklos Andras"]
[Black "Kozma, Edit"]
[Result "1/2-1/2"]
[WhiteElo "2046"]
[BlackElo "2009"]
[PlyCount "39"]
[EventDate "2011.10.02"]
[EventType "team-tourn"]
[EventRounds "11"]
[EventCountry "HUN"]
[SourceTitle "EXT 2020"]
[Source "ChessBase"]
[SourceDate "2019.10.17"]
[SourceVersion "1"]
[SourceVersionDate "2019.10.17"]
[SourceQuality "1"]
[WhiteTeam "Vizugy II"]
[BlackTeam "Budapest Honved III"]
[WhiteTeamCountry "HUN"]
[BlackTeamCountry "HUN"]

1. d4 Nf6 2. Bg5 e6 3. Nd2 d5 4. e3 c5 5. c3 Bd6 6. Be2 0-0 7. Qc2 b6 8. Ngf3 Ba6 9. Bxa6 Nxa6 10. Ne5 cxd4 11. exd4 Rc8 12. Qd3 Nb8 13. Ndf3 h6 14. Bxf6 Qxf6 15. g3 Rfd8 16. Ng4 Qe7 17. h4 Nc6 18. Nfe5 Bxe5 19. Nxe5 Nxe5 20. dxe5 1/2-1/2

[Event "HUN-chT2 Erkel 1112"]
[Site "Hungary"]
[Date "2011.11.27"]
[Round "4.5"]
[White "Mezei, Csaba"]
[Black "Kozma, Edit"]
[Result "1/2-1/2"]
[WhiteElo "2105"]
[BlackElo "2009"]
[PlyCount "133"]
[EventDate "2011.09.25"]
[EventType "team-tourn"]
[EventRounds "11"]
[EventCountry "HUN"]
[SourceTitle "EXT 2013"]
[Source "ChessBase"]
[SourceDate "2012.11.22"]
[SourceVersion "1"]
[SourceVersionDate "2012.11.22"]
[SourceQuality "1"]
[WhiteTeam "Pestszentlorinc"]
[BlackTeam "Honved II"]
[WhiteTeamCountry "HUN"]
[BlackTeamCountry "HUN"]

1. d4 Nf6 2. e3 b6 3. f4 Bb7 4. Nf3 g6 5. Bd3 Bg7 6. 0-0 0-0 7. Qe2 Ne4 8. Nbd2 Nxd2 9. Bxd2 d5 10. Rae1 Nd7 11. c4 c5 12. Ne5 Nxe5 13. dxe5 e6 14. Rd1 Qc7 15. Bc3 Rfd8 16. b3 dxc4 17. Bxc4 Rxd1 18. Rxd1 Rd8 19. Kf2 Bf8 20. h3 Rxd1 21. Qxd1 Qc6 22. Bf1 Be7 23. Kg1 Qe4 24. Qd3 Kf8 25. Be1 g5 26. Qd2 gxf4 27. exf4 f6 28. Bg3 f5 29. Bd3 Qd4+ 30. Bf2 Qd5 31. Be3 Kf7 32. Qe2 Kg7 33. Bc4 Qc6 34. Kh2 a5 35. Kg3 h6 36. Bb5 Qe4 37. Be8 c4 38. Bh5 Bd5 39. Bf3 Qd3 40. Qxd3 cxd3 41. Bxd5 exd5 42. Kf3 Bc5 43. Bd2 h5 44. Bc1 Bd4 45. a3 b5 46. a4 bxa4 47. bxa4 Kf7 48. Bd2 Bb6 49. Be3 d4 50. Bd2 Ke6 51. g4 fxg4+ 52. hxg4 hxg4+ 53. Kxg4 Bd8 54. Kf3 Kf5 55. Kf2 Bh4+ 56. Kf1 Bg3 57. Bc1 Bh4 58. Bd2 Bg3 59. Bxa5 Bxf4 60. Bb6 Bxe5 61. a5 Bb8 62. Ke1 Ke4 63. Kd2 Bf4+ 64. Kd1 Bb8 65. a6 Kd5 66. Kd2 Kc6 67. Kxd3 1/2-1/2

[Event "Budapest-chT1 Lilienthal 1112"]
[Site "Budapest"]
[Date "2011.10.16"]
[Round "2"]
[White "Kozma, Edit"]
[Black "Adam, Gyorgy Jr"]
[Result "0-1"]
[WhiteElo "2009"]
[BlackElo "2074"]
[PlyCount "88"]
[EventDate "2011.10.02"]
[EventType "team-tourn"]
[EventRounds "11"]
[EventCountry "HUN"]
[SourceTitle "EXT 2020"]
[Source "ChessBase"]
[SourceDate "2019.10.17"]
[SourceVersion "1"]
[SourceVersionDate "2019.10.17"]
[SourceQuality "1"]
[WhiteTeam "Budapest Honved III"]
[BlackTeam "Barcza GSC"]
[WhiteTeamCountry "HUN"]
[BlackTeamCountry "HUN"]

1. e4 c5 2. Nf3 d6 3. d4 cxd4 4. Nxd4 Nf6 5. Nc3 g6 6. Be2 Bg7 7. Be3 0-0 8. 0-0 Nbd7 9. f4 a6 10. Bf3 Qc7 11. Kh1 Rb8 12. a4 b6 13. Nd5 Nxd5 14. exd5 Bb7 15. Nc6 Rbe8 16. Bd4 e5 17. dxe6 fxe6 18. Bxg7 Kxg7 19. Nd4 Rxf4 20. Bg4 Rxf1+ 21. Qxf1 Bd5 22. Qxa6 Bc4 23. Nb5 Qc6 24. Bf3 d5 25. b3 Ra8 26. Na7 Bxa6 27. Nxc6 Bb7 28. Nb4 Ne5 29. Be2 Rf8 30. Rf1 Rxf1+ 31. Bxf1 Ng4 32. Be2 Ne3 33. Kg1 d4 34. g3 Be4 35. Bd3 Bxd3 36. cxd3 Kf6 37. Kf2 Ng4+ 38. Kg2 Ke5 39. h3 Ne3+ 40. Kf3 Kd6 41. Kf4 h6 42. Ke4 e5 43. Na2 Nf1 44. b4 Nd2# 0-1

[Event "HUN-chT2 Erkel 1112"]
[Site "Hungary"]
[Date "2011.09.25"]
[Round "1.6"]
[White "Kozma, Edit"]
[Black "Imre, Jozsef Otto"]
[Result "0-1"]
[WhiteElo "2009"]
[BlackElo "2047"]
[PlyCount "60"]
[EventDate "2011.09.25"]
[EventType "team-tourn"]
[EventRounds "11"]
[EventCountry "HUN"]
[SourceTitle "EXT 2013"]
[Source "ChessBase"]
[SourceDate "2012.11.22"]
[SourceVersion "1"]
[SourceVersionDate "2012.11.22"]
[SourceQuality "1"]
[WhiteTeam "Honved II"]
[BlackTeam "Vizugy"]
[WhiteTeamCountry "HUN"]
[BlackTeamCountry "HUN"]

1. e4 e6 2. d4 d5 3. Nc3 Bb4 4. Nge2 dxe4 5. a3 Bxc3+ 6. Nxc3 f5 7. g4 Nf6 8. g5 Nd5 9. Qh5+ g6 10. Qh6 Qe7 11. Nb5 Bd7 12. a4 a6 13. Nc3 Nc6 14. Nxd5 exd5 15. c3 0-0-0 16. b4 a5 17. bxa5 Nxa5 18. Ba3 Qf7 19. Bb4 Nc4 20. Bxc4 dxc4 21. a5 Bc6 22. Rg1 Rde8 23. a6 bxa6 24. Rxa6 Kb7 25. Ra1 e3 26. f4 Bf3 27. Qh3 Qd5 28. Rg3 Bg4 29. Qf1 Ra8 30. Rb1 Rhe8 0-1

[Event "Zalakaros op 28th"]
[Site "Zalakaros"]
[Date "2009.05.14"]
[Round "7"]
[White "Kozma, Edit"]
[Black "Koban, Balint"]
[Result "0-1"]
[WhiteElo "2050"]
[BlackElo "2227"]
[PlyCount "62"]
[EventDate "2009.05.08"]
[EventType "swiss"]
[EventRounds "9"]
[EventCountry "HUN"]
[SourceTitle "CBM 130 Extra"]
[Source "ChessBase"]
[SourceDate "2009.07.02"]
[SourceVersion "2"]
[SourceVersionDate "2009.07.15"]
[SourceQuality "1"]

1. e4 e6 2. d4 d5 3. Nc3 Nf6 4. e5 Nfd7 5. f4 c5 6. Nf3 Nc6 7. Bb5 a6 8. Bxc6 bxc6 9. 0-0 cxd4 10. Nxd4 c5 11. Nf3 Be7 12. Qe1 0-0 13. Qg3 f5 14. b3 Nb6 15. a4 d4 16. a5 Nd7 17. Nd1 Bb7 18. Nb2 Be4 19. Qf2 Rb8 20. Qe2 Rb5 21. Nc4 Nb8 22. Ne1 Nc6 23. Bd2 d3 24. cxd3 Nd4 25. Qd1 Nxb3 26. Rb1 Nxd2 27. Nxd2 Bxd3 28. Nxd3 Qxd3 29. Nf3 Rd8 30. Qxd3 Rxd3 31. Ra1 Bd8 0-1

[Event "Zalakaros op 28th"]
[Site "Zalakaros"]
[Date "2009.05.11"]
[Round "4"]
[White "Hrbolka, Ladislav"]
[Black "Kozma, Edit"]
[Result "1-0"]
[WhiteElo "2163"]
[BlackElo "2050"]
[PlyCount "59"]
[EventDate "2009.05.08"]
[EventType "swiss"]
[EventRounds "9"]
[EventCountry "HUN"]
[SourceTitle "CBM 130 Extra"]
[Source "ChessBase"]
[SourceDate "2009.07.02"]
[SourceVersion "2"]
[SourceVersionDate "2009.07.15"]
[SourceQuality "1"]

1. Nf3 Nf6 2. c4 e6 3. g3 b6 4. Bg2 Bb7 5. 0-0 Be7 6. d4 0-0 7. d5 exd5 8. Nh4 c6 9. cxd5 Nxd5 10. Nf5 d6 11. e4 Nf6 12. Nc3 Re8 13. Bf4 d5 14. e5 Nfd7 15. Qg4 g6 16. e6 fxe6 17. Nh6+ Kg7 18. Qxe6 Rf8 19. Ng4 Bg5 20. Bxg5 Qxg5 21. f4 Qf5 22. Qe7+ Rf7 23. Qh4 h5 24. Ne5 Nxe5 25. fxe5 Qxe5 26. Rxf7+ Kxf7 27. Rf1+ Kg7 28. Qd8 Kh6 29. Rf7 Na6 30. Qd7 1-0

[Event "Zalakaros op 28th"]
[Site "Zalakaros"]
[Date "2009.05.10"]
[Round "3"]
[White "Kozma, Edit"]
[Black "Amstadt, Aron"]
[Result "0-1"]
[WhiteElo "2050"]
[BlackElo "2219"]
[PlyCount "48"]
[EventDate "2009.05.08"]
[EventType "swiss"]
[EventRounds "9"]
[EventCountry "HUN"]
[SourceTitle "CBM 130 Extra"]
[Source "ChessBase"]
[SourceDate "2009.07.02"]
[SourceVersion "2"]
[SourceVersionDate "2009.07.15"]
[SourceQuality "1"]

1. e4 c5 2. Nf3 e6 3. d4 cxd4 4. Nxd4 a6 5. Bd3 Qc7 6. 0-0 Nf6 7. Kh1 b5 8. f4 d6 9. a4 b4 10. Qe1 Bb7 11. Bd2 Nc6 12. Nf3 Be7 13. Qg3 g6 14. e5 Nd7 15. exd6 Bxd6 16. c3 Nc5 17. Ng5 Nxd3 18. Qxd3 a5 19. Ne4 Be7 20. cxb4 axb4 21. Rc1 Rd8 22. Qc2 Qb6 23. Nc5 Nd4 24. Qc4 Qxc5 0-1

[Event "Zalakaros op 28th"]
[Site "Zalakaros"]
[Date "2009.05.09"]
[Round "2"]
[White "Czebe, Attila"]
[Black "Kozma, Edit"]
[Result "1-0"]
[WhiteElo "2472"]
[BlackElo "2050"]
[PlyCount "53"]
[EventDate "2009.05.08"]
[EventType "swiss"]
[EventRounds "9"]
[EventCountry "HUN"]
[SourceTitle "CBM 130 Extra"]
[Source "ChessBase"]
[SourceDate "2009.07.02"]
[SourceVersion "2"]
[SourceVersionDate "2009.07.15"]
[SourceQuality "1"]

1. e4 c5 2. Nf3 d6 3. d4 cxd4 4. Nxd4 Nf6 5. Nc3 a6 6. Qe2 e6 7. g4 Nc6 8. Nxc6 bxc6 9. g5 Nd7 10. h4 a5 11. f4 Ba6 12. Qg2 Bxf1 13. Rxf1 d5 14. Bd2 Bb4 15. 0-0-0 a4 16. exd5 cxd5 17. Nxd5 Bxd2+ 18. Rxd2 exd5 19. Re1+ Kf8 20. Qxd5 a3 21. b3 h6 22. Qxd7 Qxd7 23. Rxd7 hxg5 24. hxg5 Rh4 25. Rd4 Rh2 26. Red1 Re8 27. Rd8 1-0

[Event "Zalakaros op 28th"]
[Site "Zalakaros"]
[Date "2009.05.08"]
[Round "1"]
[White "Kozma, Edit"]
[Black "Vukovic, Ivo"]
[Result "1/2-1/2"]
[WhiteElo "2050"]
[BlackElo "2286"]
[PlyCount "39"]
[EventDate "2009.05.08"]
[EventType "swiss"]
[EventRounds "9"]
[EventCountry "HUN"]
[SourceTitle "CBM 130 Extra"]
[Source "ChessBase"]
[SourceDate "2009.07.02"]
[SourceVersion "2"]
[SourceVersionDate "2009.07.15"]
[SourceQuality "1"]

1. e4 d6 2. d4 Nf6 3. Nc3 c6 4. f4 Qa5 5. Bd3 e5 6. dxe5 dxe5 7. fxe5 Ng4 8. Nf3 Bc5 9. Rf1 Nd7 10. e6 fxe6 11. Ng5 Nde5 12. Nf3 0-0 13. Nxe5 Rxf1+ 14. Bxf1 Nxe5 15. Bd2 Qd8 16. Qh5 Qf6 17. 0-0-0 Be7 18. Qe8+ Qf8 19. Qxf8+ Kxf8 20. Be2 1/2-1/2

[Event "HUN-chT2 Erkel 0809"]
[Site "Hungary"]
[Date "2009.02.08"]
[Round "7.7"]
[White "Kozma, Edit"]
[Black "Halasz, Csaba"]
[Result "0-1"]
[WhiteElo "2050"]
[BlackElo "2157"]
[PlyCount "46"]
[EventDate "2008.10.26"]
[EventType "team-tourn"]
[EventRounds "11"]
[EventCountry "HUN"]
[SourceTitle "EXT 2010"]
[Source "ChessBase"]
[SourceDate "2010.11.25"]
[SourceVersion "1"]
[SourceVersionDate "2010.11.25"]
[SourceQuality "1"]
[WhiteTeam "HASE II"]
[BlackTeam "MAFC"]
[WhiteTeamCountry "HUN"]
[BlackTeamCountry "HUN"]

1. e4 c5 2. Nf3 Nc6 3. Bb5 e6 4. 0-0 Nge7 5. c3 a6 6. Ba4 b5 7. Bc2 Bb7 8. d4 cxd4 9. cxd4 Nb4 10. Re1 Nxc2 11. Qxc2 Ng6 12. a4 b4 13. a5 Be7 14. Bd2 0-0 15. Qb3 f5 16. Bxb4 Bxb4 17. Qxb4 fxe4 18. Ne5 Nxe5 19. Qxb7 Nd3 20. Rxe4 Qf6 21. Re2 Qxd4 22. Qb6 Qg4 23. Rd2 Ne1 0-1

[Event "HUN-chT2 Erkel 0809"]
[Site "Hungary"]
[Date "2008.11.02"]
[Round "2.6"]
[White "Kozma, Edit"]
[Black "Toth, Mate Jozsef"]
[Result "1-0"]
[WhiteElo "2050"]
[BlackElo "2017"]
[PlyCount "89"]
[EventDate "2008.10.26"]
[EventType "team-tourn"]
[EventRounds "11"]
[EventCountry "HUN"]
[SourceTitle "EXT 2010"]
[Source "ChessBase"]
[SourceDate "2010.11.25"]
[SourceVersion "1"]
[SourceVersionDate "2010.11.25"]
[SourceQuality "1"]
[WhiteTeam "HASE II"]
[BlackTeam "Godollo"]
[WhiteTeamCountry "HUN"]
[BlackTeamCountry "HUN"]

1. e4 c5 2. Nf3 g6 3. c3 Nc6 4. d4 cxd4 5. cxd4 Bg7 6. Nc3 Qb6 7. Nd5 Qd8 8. Bf4 d6 9. h3 Nf6 10. Nxf6+ Bxf6 11. d5 Nb8 12. Bb5+ Bd7 13. Bxd7+ Nxd7 14. Qd2 0-0 15. 0-0 Rc8 16. Rac1 Qb6 17. b3 Rc7 18. Be3 Rxc1 19. Bxb6 Rxf1+ 20. Kxf1 Nxb6 21. Qa5 Ra8 22. Nd2 Kf8 23. Ke2 Ke8 24. Nc4 Nxc4 25. bxc4 b6 26. Qa6 Bd4 27. Qb7 Rd8 28. Qxa7 Rc8 29. Qa4+ Kd8 30. f4 e6 31. dxe6 fxe6 32. Kd3 Bc5 33. g4 Rc7 34. f5 exf5 35. exf5 gxf5 36. gxf5 Ke7 37. Qa8 Kf6 38. Qe4 Ra7 39. Qe6+ Kg7 40. f6+ Kf8 41. Ke4 Rc7 42. Kf5 Ba3 43. Qe4 Bb4 44. Ke6 Rc8 45. Qxh7 1-0

[Event "Balatonlelle op 26th"]
[Site "Balatonlelle"]
[Date "2008.06.19"]
[Round "4.30"]
[White "Kozma, Edit"]
[Black "Baki, Peterne"]
[Result "1/2-1/2"]
[WhiteElo "2061"]
[BlackElo "2142"]
[PlyCount "46"]
[EventDate "2008.06.14"]
[EventType "swiss"]
[EventRounds "9"]
[EventCountry "HUN"]
[SourceTitle "CBM 125 Extra"]
[Source "ChessBase"]
[SourceDate "2008.09.01"]
[SourceVersion "1"]
[SourceVersionDate "2008.09.01"]
[SourceQuality "1"]

1. e4 e5 2. d4 exd4 3. Qxd4 Nc6 4. Qe3 Nf6 5. Nc3 Bb4 6. Bd2 0-0 7. 0-0-0 Re8 8. Bc4 Bxc3 9. Bxc3 Nxe4 10. Nh3 Nxc3 11. Qxc3 d6 12. f4 Qf6 13. Qxf6 gxf6 14. Nf2 Be6 15. Bb5 Bd7 16. Rd3 a6 17. Bxc6 bxc6 18. Kd2 Rab8 19. b3 Re7 20. Re1 Rbe8 21. Rxe7 Rxe7 22. a4 c5 23. Rc3 Kf8 1/2-1/2

[Event "Balatonlelle op 26th"]
[Site "Balatonlelle"]
[Date "2008.06.16"]
[Round "3.31"]
[White "Pesztericz, Laszlo"]
[Black "Kozma, Edit"]
[Result "1/2-1/2"]
[WhiteElo "2133"]
[BlackElo "2061"]
[PlyCount "27"]
[EventDate "2008.06.14"]
[EventType "swiss"]
[EventRounds "9"]
[EventCountry "HUN"]
[SourceTitle "CBM 125 Extra"]
[Source "ChessBase"]
[SourceDate "2008.09.01"]
[SourceVersion "1"]
[SourceVersionDate "2008.09.01"]
[SourceQuality "1"]

1. d4 d5 2. Nf3 Nf6 3. c4 e6 4. Nc3 c6 5. e3 Nbd7 6. Bd3 Be7 7. 0-0 0-0 8. e4 dxe4 9. Nxe4 Nxe4 10. Bxe4 Nf6 11. Bc2 h6 12. Bf4 Bd6 13. Qd2 Bxf4 14. Qxf4 1/2-1/2

[Event "Balatonlelle op 26th"]
[Site "Balatonlelle"]
[Date "2008.06.15"]
[Round "2.27"]
[White "Kozma, Edit"]
[Black "Nabavi, Parwis"]
[Result "0-1"]
[WhiteElo "2061"]
[BlackElo "2185"]
[PlyCount "78"]
[EventDate "2008.06.14"]
[EventType "swiss"]
[EventRounds "9"]
[EventCountry "HUN"]
[SourceTitle "CBM 125 Extra"]
[Source "ChessBase"]
[SourceDate "2008.09.01"]
[SourceVersion "1"]
[SourceVersionDate "2008.09.01"]
[SourceQuality "1"]

1. e4 c5 2. Nf3 Nc6 3. Bb5 g6 4. c3 a6 5. Bxc6 dxc6 6. d4 cxd4 7. Qxd4 Qxd4 8. cxd4 Nf6 9. Nc3 Bg7 10. 0-0 0-0 11. h3 Rd8 12. Bg5 h6 13. Bf4 b5 14. a3 Bb7 15. Rfe1 Nd7 16. Rac1 c5 17. dxc5 Nxc5 18. Red1 Nxe4 19. Rxd8+ Rxd8 20. Nxe4 Bxe4 21. Ne5 g5 22. Bg3 f5 23. f3 f4 24. fxe4 Bxe5 25. Bf2 Bxb2 26. Rc6 Rd1+ 27. Kh2 Rd6 28. Rc8+ Kf7 29. Bc5 Re6 30. Ra8 h5 31. Kg1 g4 32. hxg4 hxg4 33. Kf2 Rc6 34. Bb4 Rc2+ 35. Kf1 Rc1+ 36. Kf2 Bd4+ 37. Ke2 Rg1 38. Rxa6 Rxg2+ 39. Kd3 e5 0-1

[Event "HUN-chT2 Breyer 0708"]
[Site "Hungary"]
[Date "2007.12.09"]
[Round "4"]
[White "Dibusz, Ferenc"]
[Black "Kozma, Edit"]
[Result "1-0"]
[WhiteElo "2195"]
[BlackElo "2061"]
[PlyCount "65"]
[EventDate "2007.10.14"]
[EventType "team"]
[EventRounds "11"]
[EventCountry "HUN"]
[SourceTitle "EXT 2009"]
[Source "ChessBase"]
[SourceDate "2008.11.26"]
[SourceVersion "1"]
[SourceVersionDate "2008.11.26"]
[SourceQuality "1"]
[WhiteTeam "Geniusz Tata"]
[BlackTeam "Honved II"]
[WhiteTeamCountry "HUN"]
[BlackTeamCountry "HUN"]

1. d4 Nf6 2. Nf3 e6 3. Bf4 c5 4. e3 Qb6 5. Qc1 Nc6 6. c3 d5 7. Nbd2 cxd4 8. exd4 Nh5 9. Be3 Bd6 10. Be2 Nf4 11. Bxf4 Bxf4 12. 0-0 0-0 13. Re1 Bd7 14. g3 Bh6 15. b4 Rac8 16. Qb2 f6 17. a4 e5 18. Nb3 e4 19. Nh4 f5 20. Nc5 Qc7 21. c4 b6 22. cxd5 Nxd4 23. Nxd7 Nxe2+ 24. Rxe2 Qxd7 25. Qb3 g5 26. Ng2 Bg7 27. d6+ Kh8 28. Rd1 Rc3 29. Qd5 Rf6 30. Red2 Rc6 31. Ne3 Bf8 32. Qe5 Kg8 33. Qxf6 1-0